Online Catalogue and eLibrary

Amavathura (Record no. 913)

MARC details
000 -LEADER
fixed length control field 00732nam a2200145Ia 4500
005 - DATE AND TIME OF LATEST TRANSACTION
control field 20240730072330.0
008 - FIXED-LENGTH DATA ELEMENTS--GENERAL INFORMATION
fixed length control field 240331s9999 xx 000 0 und d
082 ## - DDC Classification
Class No. 294.3
Item Number - Author Mark WIC
100 ## - MAIN ENTRY--PERSONAL NAME
Personal name Wickramasinghe , K.D.P
245 #0 - TITLE STATEMENT
Title Amavathura
260 ## - PUBLICATION, DISTRIBUTION, ETC.
Place of publication, distribution, etc. Colombo
Name of publisher, distributor, etc. M.D. Gunasena & Co. Ltd
Date of publication, distribution, etc. 1953
300 ## - PHYSICAL DESCRIPTION
Extent (e.g. Volumes, Pages etc.) 174 p .,
500 ## - GENERAL NOTE
General note This Edition Contains Six chapters of Amavatura, With a Complete English Translation. Amavatura, is one of the best Sinhalese prose classics written in the twelfth century A.D. Gurulugomi, the author of the book, has made a successful attempt at elucidating some intricate problems of the doctorine and at narrating several incidents in the life of the Buddha, in a purely sinhalese style.
942 ## - Koha item type (Biblio)
Koha item type Books in Stacks (Lending)
Holdings
Lost status Damaged status Collection code Home library Current library Shelving location Date acquired Full call number Accession Number Item type
    Lending WERC Library WERC Library Social Science Cupboard 03/31/2024 294.3 WIC 119 Books in Stacks (Lending)

© WERC Library